Tunceli medeniyete açılıyor / (Record no. 13053)

MARC details
000 -BAŞLIK
Sabit Uzunlukta Kontrol Alanı 00738nam a22002417a 4500
999 ## - SİSTEM KONTROL NUMARALARI (KOHA)
Koha Biblionumber 13053
Koha Biblioitemnumber 13053
003 - KONTROL NUMARASI IDENTIFIER
Denetim Alanı MIRAKIL
005 - SON İŞLEM TARİHİ VE ZAMANI
Denetim Alanı 20190325171726.0
008 - SABİT-BOY VERİ ELEMANLARI - GENEL BİLGİLER
Sabit Uzunlukta Kontrol Alanı 190325b tu ||||| |||| 00| 0 tur d
020 ## - ULUSLARARASI STANDART KİTAP NUMARASI
Uluslararası Standart Kitap Numarası 9789753434973
040 ## - KATALOGLAMA KAYNAK
Orijinal Kataloglama Ajansı TR-AnCHP
Metne Dönüştürmek Ajansı TR-AnCHP
041 ## - DİL KODU
Metin / Ses Parça Veya Ayrı Başlığın Dil Kodu tur
082 ## - DEWEY ONLU SINIFLANDIRMA NUMARASI
Sınıflandırma Numarası 956.622
Ürün Numarası U48t 2007
100 ## - ANA GİRİŞ - KİŞİSEL İSİM
Kişisel Ad Uluğ, Naşit Hakkı
245 10 - BAŞLIK TABLOSU
Başlık Tunceli medeniyete açılıyor /
Sorumluluk Tablosu, Vb Naşit Hakkı Uluğ.
260 ## - YAYIN, DAĞITIM, VB
Yayın, Dağıtım, Vb Yeri İstanbul :
Yayıncı, Dağıtıcı, Vs Adı Kaynak Yayınları ,
Yayın, Dağıtım, Vb Tarihi 2007.
300 ## - FİZİKSEL TANIM
Kapsam 240 s. :
Diğer Fiziksel Ayrıntıları fotğ.;
Boyutlar 19 sm.
490 0# - SERİSİ TABLOSU
Seri Beyanı Kaynak Yayınları ;
-- Cumhuriyetin gözüyle Kürt meselesi ;
Hacim / Ardışık Tanımı 488.
Uluslararası Standart Süreli Yayın Numarası 2.
650 #0 - KONU KATMA GİRİŞ - TOPİKAL DÖNEM
9 (RLIN) 5116
Topikal Süreli Veya Coğrafi Ad Giriş Elemanı Kürtler
Genel Alt Bölümü Tarih
Coğrafi Alt Bölümü Türkiye
651 #0 - KONU KATMA GİRİŞ - COĞRAFİ ADI
9 (RLIN) 5566
Coğrafi İsim Tunceli , Türkiye
Genel Alt Bölümü Tarih
942 ## - EKLENDİ GİRİŞ ELEMANLARI (KOHA)
Sınıflandırma Veya Raf Düzeni Kaynak Dewey Decimal Classification
Koha Öğesi Türü Books
999 ## - SİSTEM KONTROL NUMARALARI (KOHA)
Koha Biblioitemnumber 13053
999 ## - SİSTEM KONTROL NUMARALARI (KOHA)
Koha Biblioitemnumber 13052
Holdings
Kalıcı Konum Mevcut Konum Edinme Tarihi Toplam Check-Out'Lar Tam Çağrı Numarası Barkod Tarih Son Görülme İtibaren Geçerli Fiyatlar Koha Öğesi Türü
Parti Okulu Kütüphanesi Parti Okulu Kütüphanesi 03/25/2019   956.622 U48t 2007 P00435 03/25/2019 03/25/2019 Books